00583nam a22001817a 4500010001300000020001500013035001300028037001800041040001200059082001500071100001900086245013600105260003100241270004700272300001800319650005000337650001400387 aB-147466 a8122308848 aB-147466 aCen Lib / Ret aDPLbEN a133.5bMAH aMahajan, U. C. aLal kitab of astrology :benglish version of a very famous and rare book Lal Kitab originally published in Urdu /cby U. C. Mahajan aDelhibPustak Mahal c2005 a6686, Khari Baoli DelhibNew Delhie110006 a340p ; b24cm aUrdu literature -- Translations into English. aastrology